LEADER 02341nam 2200577Ia 450 001 9910450109103321 005 20200520144314.0 010 $a1-280-09722-1 010 $a9786610097227 010 $a1-4175-7726-6 010 $a92-4-068019-5 035 $a(CKB)1000000000033192 035 $a(EBL)284640 035 $a(OCoLC)57674219 035 $a(SSID)ssj0000120831 035 $a(PQKBManifestationID)11145896 035 $a(PQKBTitleCode)TC0000120831 035 $a(PQKBWorkID)10092071 035 $a(PQKB)10692707 035 $a(MiAaPQ)EBC284640 035 $a(Au-PeEL)EBL284640 035 $a(CaPaEBR)ebr10075415 035 $a(CaONFJC)MIL9722 035 $a(EXLCZ)991000000000033192 100 $a20041018d2005 uf 0 101 0 $aeng 135 $aur|n|---||||| 181 $ctxt 182 $cc 183 $acr 200 10$aChild and adolescent mental health policies and plans$b[electronic resource] 210 $aGeneva $cDept. of Mental Health and Substance Abuse, World Health Organization$dc2005 215 $a1 online resource (85 p.) 300 $aDescription based upon print version of record. 311 $a92-4-154657-3 327 $aPreliminaries; Acknowledgements; Table of Contents; Preface; Executive summary; Aims and target audience; 1. I. Context of child and adolescent mental health; 2. Developing a child and adolescent mental health policy; 3. Developing a child and adolescent mental health plan; 4. Implementation of child and adolescent mental health policies and plans; Barriers and solutions; Glossary; References 330 $aThe module outlines the steps to be followed in the development and implementation of a child and adolescent mental health policy and plan. Its goal is to assist countries to promote the healthy development of children and adolescents. 606 $aMental health 606 $aTeenagers$xMedical care$xLaw and legislation 608 $aElectronic books. 615 0$aMental health. 615 0$aTeenagers$xMedical care$xLaw and legislation. 676 $a362.2083 712 02$aWorld Health Organization 801 0$bMiAaPQ 801 1$bMiAaPQ 801 2$bMiAaPQ 906 $aBOOK 912 $a9910450109103321 996 $aChild and adolescent mental health policies and plans$92144864 997 $aUNINA LEADER 01283aam 2200397I 450 001 9910710283503321 005 20160121100808.0 024 8 $aGOVPUB-C13-775981d6a43a7181a4d5ff183b67cebd 035 $a(CKB)5470000002476449 035 $a(OCoLC)935499229 035 $a(EXLCZ)995470000002476449 100 $a20160121d1979 ua 0 101 0 $aeng 181 $2rdacontent 182 $2rdamedia 183 $2rdacarrier 200 10$aContainer board $ereport no. 117 /$fJ. Horlick; T. L. Cummings 210 1$aGaithersburg, MD :$cU.S. Dept. of Commerce, National Institute of Standards and Technology,$d1979. 215 $a1 online resource 225 1 $aNBSIR ;$v79-1804 300 $a1979. 300 $aContributed record: Metadata reviewed, not verified. Some fields updated by batch processes. 300 $aTitle from PDF title page. 320 $aIncludes bibliographical references. 517 $aContainer board 700 $aHorlick$b J$01386491 701 $aCummings$b T. L$01386493 701 $aHorlick$b J$01386491 712 02$aUnited States.$bNational Bureau of Standards. 801 0$bNBS 801 1$bNBS 801 2$bGPO 906 $aBOOK 912 $a9910710283503321 996 $aContainer board$93443812 997 $aUNINA